Vénus en conjunction avec mars, sous le signe du Lion et á la quatrième phase de la lune du mois de janus 1790, ou hymne sur le relour de S.E. Mr. le duc d'Ursel

Detalles Bibliográficos
Formato: Libro
Lenguaje:Undetermined
French
Publicado: s.l. : d l'Imprimerie patriotique, 1790.
Materias:
Colección:Banco de datos
Acervo:Biblioteca Palafoxiana. Colección bibliográfica
Descripción Física:11 p. ; 4°
Tema general:Astronomía
Notas:Número de localización: 31924-B Encuadernado con 51 obras
LEADER 00623nam a2200157Ia 4500
008 150723s9999 xx 000 0 und d
041 0 |a fre 
050 0 |a PAFX PN6013 R6 
245 1 0 |a Vénus en conjunction avec mars, sous le signe du Lion et á la quatrième phase de la lune du mois de janus 1790, ou hymne sur le relour de S.E. Mr. le duc d'Ursel 
260 |a s.l. : d l'Imprimerie patriotique, 1790. 
300 |a 11 p. ; 4° 
500 |a Número de localización: 31924-B Encuadernado con 51 obras 
650 1 0 |a Astronomía 
942 |c PALALIB 
943 |g Biblioteca Palafoxiana. Colección bibliográfica 
999 |c 1060549  |d 1060549